<?xml version="1.0" encoding="UTF-8"?>
<record
    xmlns:xsi="http://www.w3.org/2001/XMLSchema-instance"
    xsi:schemaLocation="http://www.loc.gov/MARC21/slim http://www.loc.gov/standards/marcxml/schema/MARC21slim.xsd"
    xmlns="http://www.loc.gov/MARC21/slim">

  <leader>01955nam a2200253 a 4500</leader>
  <controlfield tag="001">000024852</controlfield>
  <controlfield tag="005">20200930023416.0</controlfield>
  <controlfield tag="008">101125s1964    mx a    r     001 f spa d</controlfield>
  <datafield tag="040" ind1=" " ind2=" ">
    <subfield code="a">DO-SdBNP</subfield>
    <subfield code="b">spa</subfield>
    <subfield code="c">BNPHU</subfield>
  </datafield>
  <datafield tag="082" ind1=" " ind2=" ">
    <subfield code="a">843.7</subfield>
    <subfield code="a">S825&#xF3;, 1964</subfield>
  </datafield>
  <datafield tag="100" ind1="1" ind2=" ">
    <subfield code="a">Stendhal</subfield>
    <subfield code="q">(Henri Beyle)</subfield>
    <subfield code="d">1783-1842</subfield>
    <subfield code="9">13782</subfield>
  </datafield>
  <datafield tag="245" ind1="1" ind2="0">
    <subfield code="a">Obras completas /</subfield>
    <subfield code="c">Stendhal ; recopilaci&#xF3;n, traducci&#xF3;n ensayo biogr&#xE1;fico y pr&#xF3;logos Consuelo Berges.</subfield>
  </datafield>
  <datafield tag="250" ind1=" " ind2=" ">
    <subfield code="a">2a ed.</subfield>
  </datafield>
  <datafield tag="260" ind1=" " ind2=" ">
    <subfield code="a">Madrid :</subfield>
    <subfield code="b">Aguilar,</subfield>
    <subfield code="c">1964.</subfield>
  </datafield>
  <datafield tag="300" ind1=" " ind2=" ">
    <subfield code="a">3 v. :</subfield>
    <subfield code="b">il. ;</subfield>
    <subfield code="c">18 cm.</subfield>
  </datafield>
  <datafield tag="500" ind1=" " ind2=" ">
    <subfield code="a">Incluye &#xED;ndice.</subfield>
  </datafield>
  <datafield tag="504" ind1=" " ind2=" ">
    <subfield code="a">Incluye referencias bibliogr&#xE1;ficas y notas al pie de las p&#xE1;ginas.</subfield>
  </datafield>
  <datafield tag="500" ind1=" " ind2=" ">
    <subfield code="a">La biblioteca posee el tomos 3.</subfield>
  </datafield>
  <datafield tag="505" ind1="2" ind2=" ">
    <subfield code="g">v.1 :</subfield>
    <subfield code="t">Vidas de Haydn, Mozart y Metastasio.</subfield>
    <subfield code="t">Historia de la pintura en Italia.</subfield>
    <subfield code="t">Anexo: Variedades sobre arte.</subfield>
    <subfield code="t">Roma, N&#xE1;poles y Florencia.</subfield>
    <subfield code="t">Del amor.</subfield>
    <subfield code="t">Anexo: Consulta de Banti sobre la duquesa de B&#xE9;rulle.</subfield>
    <subfield code="t">Racine y Shakespeare.</subfield>
    <subfield code="g">v. 2 :</subfield>
    <subfield code="t">Vida de Rossini.</subfield>
    <subfield code="t">Anexo: notas de un "Dilettante".</subfield>
    <subfield code="t">Armancia. De algunas escenas de un sal&#xF3;n de Par&#xED;s en 1827.</subfield>
    <subfield code="t">Paseos por Roma.</subfield>
    <subfield code="t">Rojo y negro.</subfield>
    <subfield code="t">Ciclo autobiogr&#xE1;fico.</subfield>
    <subfield code="t">Vida de Enrique Brulard.</subfield>
    <subfield code="g">v. 3 :</subfield>
    <subfield code="t">Ciclo autobiogr&#xE1;fico (continuaci&#xF3;n).</subfield>
    <subfield code="t">Diario.</subfield>
    <subfield code="t">Recuerdos de egotismo.</subfield>
    <subfield code="t">Cr&#xF3;nicas italianas.</subfield>
    <subfield code="t">La abadesa de Castro.</subfield>
    <subfield code="t">Vittorio Accoramboni.</subfield>
    <subfield code="t">Los Cenci.</subfield>
    <subfield code="t">La Duquesa de Palliano.</subfield>
    <subfield code="t">San Francesco a Ripa.</subfield>
    <subfield code="t">Vanina Vanini.</subfield>
    <subfield code="t">Favores que matan.</subfield>
    <subfield code="t">Suora scolastica.</subfield>
    <subfield code="t">Fragmentos de literatura.</subfield>
    <subfield code="t">Novelas y cuentos.</subfield>
    <subfield code="t">Rosa y verde.</subfield>
    <subfield code="t">Mina de Vanghel.</subfield>
    <subfield code="t">Recuerdos de un caballero italiano.</subfield>
    <subfield code="t">El jud&#xED;o (Filippo Ebreo).</subfield>
    <subfield code="t">El arca y el aparecido.</subfield>
    <subfield code="t">El filtro.</subfield>
    <subfield code="t">El caballero de saint Ismier.</subfield>
    <subfield code="t">Filiberto Lescale.</subfield>
    <subfield code="t">F&#xE9;der (El marido de plata).</subfield>
    <subfield code="t">Una posici&#xF3;n social.</subfield>
    <subfield code="t">Napole&#xF3;n.</subfield>
    <subfield code="g">v. 4 :</subfield>
    <subfield code="t">Luciano Leuwen.</subfield>
    <subfield code="t">Memorias de un turista.</subfield>
    <subfield code="t">Lamiel.</subfield>
    <subfield code="t">La cartuja de parma.</subfield>
  </datafield>
  <datafield tag="650" ind1=" " ind2="4">
    <subfield code="a">Novela francesas</subfield>
    <subfield code="x">Colecciones</subfield>
    <subfield code="9">47410</subfield>
  </datafield>
  <datafield tag="650" ind1=" " ind2="4">
    <subfield code="a">Litreratura francesa</subfield>
    <subfield code="y">SIGLO XIX</subfield>
    <subfield code="9">47411</subfield>
  </datafield>
  <datafield tag="700" ind1="1" ind2=" ">
    <subfield code="a">Berges, Consuelo,</subfield>
    <subfield code="e">tr.</subfield>
    <subfield code="e">pr&#xF3;l.</subfield>
    <subfield code="9">13601</subfield>
  </datafield>
  <datafield tag="049" ind1=" " ind2=" ">
    <subfield code="a">BNGR</subfield>
  </datafield>
  <datafield tag="952" ind1=" " ind2=" ">
    <subfield code="0">0</subfield>
    <subfield code="1">0</subfield>
    <subfield code="5">4</subfield>
    <subfield code="7">0</subfield>
    <subfield code="8">MO</subfield>
    <subfield code="a">GR</subfield>
    <subfield code="b">GR</subfield>
    <subfield code="c">CT</subfield>
    <subfield code="d">2011-02-07</subfield>
    <subfield code="i">LF1</subfield>
    <subfield code="l">0</subfield>
    <subfield code="o">843.7 S825&#xF3;, 1964 </subfield>
    <subfield code="p">24852-10</subfield>
    <subfield code="r">2020-06-25</subfield>
    <subfield code="w">2020-06-25</subfield>
    <subfield code="y">4</subfield>
    <subfield code="Z">Pr&#xE9;stamo en sala</subfield>
  </datafield>
  <datafield tag="999" ind1=" " ind2=" ">
    <subfield code="c">24345</subfield>
    <subfield code="d">24345</subfield>
  </datafield>
</record>
